Statistics for How many times can you type 11111 in 15 seconds

Click here to take the quiz!

General Stats

  • This quiz has been taken 130 times
  • The average score is 50 of 80

Answer Stats

Amount11111% Correct
111111
100%
211111
95%
611111
95%
711111
95%
311111
93%
411111
93%
511111
93%
811111
93%
911111
93%
1011111
93%
1111111
91%
1211111
90%
1311111
90%
1411111
86%
1511111
84%
1611111
84%
1711111
83%
1811111
81%
1911111
78%
2011111
74%
2111111
72%
2211111
71%
2311111
69%
2411111
67%
2511111
67%
2611111
64%
2711111
64%
2811111
64%
2911111
64%
3011111
64%
3111111
64%
3211111
62%
3311111
60%
3411111
60%
3811111
59%
3611111
59%
3711111
59%
3511111
59%
5511111
55%
5411111
55%
4811111
55%
5311111
55%
5211111
55%
5111111
55%
5011111
55%
4911111
55%
4111111
55%
4711111
55%
4611111
55%
4511111
55%
4411111
55%
4311111
55%
4211111
55%
4011111
55%
3911111
55%
5611111
52%
5711111
52%
5811111
50%
5911111
50%
6011111
48%
6111111
48%
6411111
47%
6311111
47%
6211111
47%
6511111
45%
7111111
43%
7411111
43%
7311111
43%
7211111
43%
7011111
43%
6911111
43%
6811111
43%
6711111
43%
6611111
43%
7511111
41%
7611111
41%
7711111
41%
7811111
41%
7911111
41%
8011111
38%

Score Distribution

Percentile by Number Answered

Percent of People with Each Score

Your Score History

You have not taken this quiz